Managerial Economics: Text, Problems, and Short Cases. (Record no. 4617)

MARC details
005 - DATE AND TIME OF LATEST TRANSACTION
control field 20250623083729.0
020 ## - INTERNATIONAL STANDARD BOOK NUMBER
International Standard Book Number 0-256-02814-1
082 ## - DEWEY DECIMAL CLASSIFICATION NUMBER
Classification number 338.5 SEO
100 ## - MAIN ENTRY--PERSONAL NAME
Author name SEO. K.K.
245 ## - TITLE STATEMENT
Title Managerial Economics: Text, Problems, and Short Cases.
250 ## - EDITION STATEMENT
Edition statement 6th Ed,
260 ## - PUBLICATION, DISTRIBUTION, ETC.
Place of publication, distribution, etc. New York,
Name of publisher, distributor, etc. RICHARD D. IRWIN, INC,
Date of publication, distribution, etc. 1984.
300 ## - PHYSICAL DESCRIPTION
Extent xxi, 720p.; ill, figure & table
Other physical details Appendix & index
Dimensions 24cm
942 ## - ADDED ENTRY ELEMENTS (KOHA)
Source of classification or shelving scheme Dewey Decimal Classification
Koha item type Books

No items available.